Statistics for Tampa International Airport Destinations (Tampa, FL, USA)

Click here to take the quiz!

General Stats

  • This quiz has been taken 19 times
  • The average score is 72 of 95

Answer Stats

AirlineDestination% Correct
Delta Air Lines/Frontier Airlines/JetBlue/Southwest Airlines/Spirit AirlinesBoston
100%
American AirlinesCharlotte
100%
Frontier Airlines/Southwest AirlinesChicago (Midway)
100%
American Airlines/Southwest Airlines/Spirit Airlines/United AirlinesChicago (O'Hare)
100%
Delta Air Lines/Frontier Airlines/Southwest AirlinesCincinnati
100%
Alaska Airlines/American Airlines/Delta Air Lines/United AirlinesLos Angeles
100%
American Airlines/American EagleMiami
100%
Air Canada RougeMontreal (Trudeau)
100%
Alaska Airlines/United AirlinesSan Francisco
100%
Alaska Airlines/Delta Air LinesSeattle/Tacoma
100%
Air Canada/Air Canada Rouge/WestJetToronto (Pearson)
100%
United AirlinesWashington (Dulles)
100%
American Airlines/Southwest NationalWashington (National)
100%
Delta Air Lines/Frontier Airlines/Southwest Airlines/Spirit AirlinesAtlanta
90%
Southwest Airlines/Spirit AirlinesBaltimore
90%
Southwest Airlines/Spirit AirlinesCleveland
90%
Southwest AirlinesColumbus (Glenn)
90%
American Airlines/Frontier Airlines/Spirit AirlinesDallas/Fort Worth
90%
Southwest AirlinesDallas (Love)
90%
Frontier Airlines/Southwest Airlines/United AirlinesDenver
90%
Delta Air Lines/Frontier Airlines/Southwest Airlines/Spirit AirlinesDetroit
90%
Southwest AirlinesHouston (Hobby)
90%
Southwest Airlines/Spirit Airlines/United AirlinesHouston (Intercontinental)
90%
Frontier Airlines/Southwest Airlines/Spirit AirlinesLas Vegas
90%
Spirit AirlinesLatrobe/Pittsburgh
90%
British AirwaysLondon (Gatwick)
90%
Virgin AtlanticLondon (Heathrow)
90%
Delta Air Lines/Frontier Airlines/Southwest Airlines/Spirit Airlines/Sun Country AirlinesMinneapolis/St. Paul
90%
American Eagle/Southwest Airlines/Spirit AirlinesNashville
90%
Delta Air Lines/JetBlueNew York (JFK)
90%
Delta Air Lines/JetBlue/Southwest AirlinesNew York (LaGuardia)
90%
American Airlines/Frontier Airlines/Southwest Airlines/Spirit AirlinesPhiladelphia
90%
American Airlines/Southwest AirlinesPhoenix (Sky Harbor)
90%
Southwest Airlines/Spirit AirlinesPittsburgh
90%
Breeze AirwaysPortland (ME)
90%
Alaska AirlinesPortland (OR)
90%
Breeze AirwaysRichmond
90%
Delta Air Lines/Southwest AirlinesSalt Lake City
90%
Alaska AirlinesSan Diego
90%
Frontier Airlines/Southwest AirlinesSt. Louis
90%
American Airlines/American Eagle/Southwest AirlinesAustin
80%
Breeze Airways/Silver AirwaysCharleston (SC)
80%
Silver Airways/Southwest Airlines/Spirit AirlinesFort Lauderdale
80%
Air Canada RougeHalifax
80%
Southwest AirlinesHavana
80%
Southwest Airlines/Spirit AirlinesIndianapolis
80%
Southwest Airlines/Spirit AirlinesKansas City
80%
Southwest AirlinesMemphis
80%
Southwest AirlinesMilwaukee
80%
JetBlue/Spirit Airlines/United AirlinesNewark
80%
Silver Airways/Southwest Airlines/Spirit AirlinesNew Orleans
80%
Breeze AirwaysNorfolk
80%
Southwest AirlinesOklahoma City
80%
Air Canada RougeOttawa
80%
Silver AirwaysPensacola
80%
American Airlines/American Eagle/Avelo Airlines/Delta Air Lines/Southwest AirlinesRaleigh/Durham
80%
Southwest AirlinesSan Antonio
80%
Silver AirwaysSavannah
80%
Edelweiss AirZurich
80%
Breeze AirwaysAkron/Canton
70%
Southwest AirlinesBirmingham (AL)
70%
Frontier Airlines/Southwest AirlinesBuffalo
70%
Frontier Airlines/JetBlueCancun
70%
Eurowings DiscoverFrankfurt
70%
Breeze Airways/JetBlue/Southwest Airlines/Spirit AirlinesHartford
70%
Breeze AirwaysHuntsville
70%
Silver AirwaysKey West
70%
Silver AirwaysNassau
70%
Copa AirlinesPanama City (Tocumen)
70%
Breeze Airways/Southwest AirlinesProvidence
70%
Frontier AirlinesPunta Cana
70%
Silver AirwaysTallahassee
70%
Southwest AirlinesAlbany
60%
Cayman AirwaysGrand Cayman
60%
Silver AirwaysGreenville/Spartanburg
60%
Breeze Airways/Southwest Airlines/Spirit AirlinesLouisville
60%
Frontier AirlinesMontego Bay
60%
Southwest AirlinesOmaha
60%
Frontier Airlines/Southwest AirlinesRochester (NY)
60%
Frontier Airlines/JetBlue/Southwest Airlines/Spirit AirlinesSan Juan
60%
Frontier AirlinesSanto Domingo (Las Americas)
60%
Avelo AirlinesWilmington (DE)
60%
Frontier Airlines/Southwest AirlinesGrand Rapids
50%
Southwest Airlines/Spirit AirlinesManchester (NH)
50%
Breeze Airways/Southwest AirlinesSyracuse
50%
Breeze AirwaysFayetteville/Bentonville
40%
Frontier Airlines/Southwest AirlinesLong Island/Islip
40%
WestJetSt. John's
40%
Frontier AirlinesTrenton
40%
JetBlueWhite Plains
40%
Spirit AirlinesAtlantic City
30%
Frontier AirlinesNewburgh
30%
Silver AirwaysMarsh Harbour
20%
Avelo AirlinesNew Haven (CT)
20%
Frontier AirlinesAguadilla
10%

Score Distribution

Percentile by Number Answered

Percent of People with Each Score

Your Score History

You have not taken this quiz